Fundamental structural analysis / (Record no. 546781)

000 -LEADER
fixed length control field 00555pam a2200169 a 4500
020 ## - INTERNATIONAL STANDARD BOOK NUMBER
International Standard Book Number 0387913343
082 00 - DEWEY DECIMAL CLASSIFICATION NUMBER
Classification number 624.177
Author Mark SPE
-- L-20, P-134.
100 1# - MAIN ENTRY--PERSONAL NAME
Personal name Spencer, W. J.
9 (RLIN) 42974
245 10 - TITLE STATEMENT
Title Fundamental structural analysis /
Statement of responsibility, etc. W.J. Spencer.
260 ## - PUBLICATION, DISTRIBUTION, ETC.
Place of publication, distribution, etc. New York :
Name of publisher, distributor, etc. Springer-Verlag,
Date of publication, distribution, etc. 1988.
300 ## - PHYSICAL DESCRIPTION
Extent xv, 322 p. :
Other physical details ill. ;
Dimensions 25 cm.
526 ## - STUDY PROGRAM INFORMATION NOTE
Program name 0
Interest level 0
Reading level 0
Title point value 624_177000000000000_SPE
650 #0 - SUBJECT ADDED ENTRY--TOPICAL TERM
Topical term or geographic name entry element MCE
9 (RLIN) 379
650 #0 - SUBJECT ADDED ENTRY--TOPICAL TERM
Topical term or geographic name entry element Structural analysis (Engineering)
9 (RLIN) 654
650 #0 - SUBJECT ADDED ENTRY--TOPICAL TERM
Topical term or geographic name entry element Structural analysis (Engineering)
General subdivision Data processing.
9 (RLIN) 40515
942 ## - ADDED ENTRY ELEMENTS (KOHA)
Source of classification or shelving scheme
Koha item type Book
Holdings
Withdrawn status Lost status Source of classification or shelving scheme Damaged status Not for loan Permanent Location Current Location Date acquired Total Checkouts Full call number Barcode Date last seen Price effective from Koha item type
          Military College of Engineering (MCE) Military College of Engineering (MCE) 06/18/2014   624.177 SPE MCE-24347 06/18/2014 06/18/2014 Book
© 2023 Central Library, National University of Sciences and Technology. All Rights Reserved.